Tracking the leopard (Record no. 5514)

MARC details
000 -LEADER
fixed length control field 00686nam a22002057a 4500
005 - DATE AND TIME OF LATEST TRANSACTION
control field 20250513164111.0
008 - FIXED-LENGTH DATA ELEMENTS--GENERAL INFORMATION
fixed length control field 250513b |||||||| |||| 00| 0 eng d
040 ## - CATALOGING SOURCE
Transcribing agency DepED Dasmarinas City
245 ## - TITLE STATEMENT
Title Tracking the leopard
250 ## - EDITION
Edition statement October 2001 Vol. 200 No. 4
490 ## - SERIES STATEMENT
SERIES STATEMENT National Geographic
520 ## - SUMMARY, ETC.
Summary, etc. Power of Light, Rain Forest at Night, Treasures of Ancient China, California's Volcanic North, Meet Kenya Man, Tracking the Leopard, Swahili Coast, Adjuntas, Puerto Rico
650 ## - SUBJECT ADDED ENTRY--TOPICAL TERM
General subdivision THE POWER OF LIGHT
650 ## - SUBJECT ADDED ENTRY--TOPICAL TERM
General subdivision RAIN FOREST
650 ## - SUBJECT ADDED ENTRY--TOPICAL TERM
General subdivision TREASURES OF ANCIENT CHINA
650 ## - SUBJECT ADDED ENTRY--TOPICAL TERM
General subdivision CALIFORNIA'S VOLCANIC NORTH
650 ## - SUBJECT ADDED ENTRY--TOPICAL TERM
General subdivision FIELD DISPATCH
650 ## - SUBJECT ADDED ENTRY--TOPICAL TERM
General subdivision LEOPARD
942 ## - ADDED ENTRY ELEMENTS (KOHA)
Source of classification or shelving scheme Dewey Decimal Classification
Koha item type Continuing Resources
999 ## -
-- 5514
-- 5514
Holdings
Homebranch current branch Barcode
DepED Dasmarinas City DepED Dasmarinas City DSMSR102001-064